Countries that border India in Bangla{Bengali} - Statistics

General Stats
  • This quiz has been taken 6 times
  • The average score is 2 of 6
Answers on the Map
Answers color-coded by a green-red scale on the quiz's map according to % correct below.
 
Answer Stats
Answer % Correct
Cina
75%
Bhutana
50%
Pakistana
50%
Banladesa
25%
Nepala
25%
Mayanamara
0%
No matching quizzes found
Score Distribution
Percent of People with Each Score
Percentile by Number Answered
Your Score History
You have not taken this quiz